Gaming Quiz

Random Gaming or Role Quiz

4th edition D&D PC classes Quiz Stats

 Plays Quiz not verified by Sporcle

Also try: Games by T-Shirt
Challenge
Share
Tweet
Embed
Score 0/25 Timer 05:00
0 Plays Today
Power Source & Role Class % Correct
Martial DefenderFighter
94.5%
Arcane ControllerWizard
94.5%
Divine LeaderCleric
90.9%
Martial StrikerRogue
90%
Divine DefenderPaladin
89.1%
Martial StrikerRanger
89.1%
Primal ControllerDruid
82.7%
Psionic StrikerMonk
82.7%
Arcane StrikerWarlock
80%
Primal StrikerBarbarian
79.1%
Arcane LeaderBard
78.2%
Arcane StrikerSorcerer
78.2%
Martial LeaderWarlord
75.5%
Power Source & Role Class % Correct
Shadow StrikerAssassin
66.4%
Primal LeaderShaman
62.7%
Psionic ControllerPsion
61.8%
Divine StrikerAvenger
56.4%
Primal DefenderWarden
55.5%
Divine ControllerInvoker
52.7%
Arcane DefenderSwordmage
52.7%
Arcane LeaderArtificer
50.9%
Psionic LeaderArdent
44.5%
Primal ControllerSeeker
43.6%
Prsionic DefenderBattlemind
38.2%
Divine LeaderRunepriest
38.2%

You're not logged in!

Compare scores with friends on all Sporcle quizzes.
OR
Log In

You Might Also Like...

Show Comments

Extras

Top Quizzes Today


Score Distribution

Your Account Isn't Verified!

In order to create a playlist on Sporcle, you need to verify the email address you used during registration. Go to your Sporcle Settings to finish the process.

Report this User

Report this user for behavior that violates our Community Guidelines.

Details: